Catalog

Record Details

Catalog Search



The Cherokee : native basket weavers  Cover Image Book Book

The Cherokee : native basket weavers / by Therese DeAngelis.

Summary:

Discusses the Cherokee Indians, focusing on their tradition of weaving baskets. Includes a cookie recipe and instructions for playing a game and making a mat.

Record details

  • ISBN: 073681535X
  • Physical Description: 32 pages : color illustrations ; 21 x 26 cm.
  • Publisher: Mankato, Minn. : Blue Earth Books, c2003.

Content descriptions

Bibliography, etc. Note:
Includes bibliographical references (p. 30) and index.
Formatted Contents Note:
Baskets and mats -- Preparing river cane -- After the Trail of Tears -- Making the baskets -- A basket for everything -- Upside-down baskets -- Cherokee village life -- The Cherokee today.
Subject: Cherokee Indians > Juvenile literature.
Cherokee baskets > Juvenile literature.
Cherokee Indians.
Indians of North America.
Indian baskets.

LDR 01491nam a2200337 a 4500
001127087
003CONS
00520140703073303.0
008020806s2003 mnua j b 001 0 eng
010 . ‡a 2002012534
020 . ‡a073681535X
035 . ‡a(CPomAG)LMN495119
042 . ‡apcc ‡alcac
043 . ‡an-usu-- ‡an-us-ok
05000. ‡aE99.C5 ‡bD43 2003
08200. ‡a746.41/2/0899755 ‡221
1001 . ‡aDeAngelis, Therese.
24514. ‡aThe Cherokee : ‡bnative basket weavers / ‡cby Therese DeAngelis.
260 . ‡aMankato, Minn. : ‡bBlue Earth Books, ‡cc2003.
300 . ‡a32 pages : ‡bcolor illustrations ; ‡c21 x 26 cm.
440 0. ‡aAmerica's first peoples
520 . ‡aDiscusses the Cherokee Indians, focusing on their tradition of weaving baskets. Includes a cookie recipe and instructions for playing a game and making a mat.
504 . ‡aIncludes bibliographical references (p. 30) and index.
5050 . ‡aBaskets and mats -- Preparing river cane -- After the Trail of Tears -- Making the baskets -- A basket for everything -- Upside-down baskets -- Cherokee village life -- The Cherokee today.
650 0. ‡aCherokee Indians ‡vJuvenile literature.
650 0. ‡aCherokee baskets ‡vJuvenile literature.
650 1. ‡aCherokee Indians.
650 1. ‡aIndians of North America.
650 1. ‡aIndian baskets.
959 . ‡i32269000682479 ‡lJ746.41 DeA ‡aJuvenile - NonFiction ‡tJuv Nonfiction ‡g14.00
852 . ‡p32269000682479 ‡jJ746.41 DeA ‡gJuvenile - NonFiction ‡cJuv Nonfiction ‡y14.00 ‡bSBPL
901 . ‡a127087 ‡bUnknown ‡c127087 ‡tbiblio

Additional Resources